Popularne zagraniczne piosenki w Polsce. 26.03-01.04 Spotify - Statystyki

Ogólne statystyki
  • Ten quiz został rozwiązany 6 razy
  • Średni wynik to 11 z 30
Statystyki odpowiedzi
Wykonawca Odsłuchania Utwór % Poprawnych
The Weeknd 344K Blinding Lights
83%
Dua Lipa, DaBaby 288K Levitating
83%
24kGoldn, iann dior 252K Mood
83%
Olivia Rodrigo 417K drivers license
67%
Doja Cat 288K Streets
67%
Harry Styles 270K Watermelon Sugar
67%
Duncan Laurence 214K Arcade
50%
Justin Bieber, Daniel Caesar, Giveon 455K Peaches
50%
Miley Cyrus, Dua Lipa 284K Prisoner
50%
The Weeknd 436K Save Your Tears
50%
The Neighbourhood 255K Sweater Weather
50%
Tiesto 385K The Business
50%
Cardi B 221K Up
50%
Joel Corry, MNEK 223K Head & Heart
33%
Lil Nas X 381K MONTERO (Call Me By Your Name)
33%
MEDUZA, Dermot Kennedy 273K Paradise
33%
SAINt JHN, Imanbek 193K Roses
33%
Robin Schulz, KIDDO 209K All We Got
17%
Masked Wolf 450K Astronaut In The Ocean
17%
Alok, Ilkay Sencan, Tove Lo 212K Don't Say Goodbye
17%
Dua Lipa 193K Don't Start Now
17%
Riton, Nightcrawlers, Mufasa, Hypeman 557K Friday
17%
Ofenbach, Quarterhead, Norma Jean Martine 218K Head Shoulders Knees & Toes
17%
Ava Max 246K My Head & My Heart
17%
Kali Uchis 213K telepatia
17%
Ofenbach, Lagique 269K Wasted Love
17%
The Kid LAROI 209K WITHOUT YOU
17%
Tate McRae 205K you broke me first
17%
ATB, Topic, A7S 269K Your Love (9PM)
17%
Dua Lipa 259K We're Good
0%
Nie znaleziono quizów pasujących do podanych kryteriów
Rozkład punktacji
Procent ludzi z każdym wynikiem
Percentyl według liczby udzielonych odpowiedzi
Twoja historia wyników
Nie rozwiązałeś tego quizu